Statystyki dla Złote karty Belgów w EA FC 24

Kliknij tutaj aby rozwiązać quiz!

Ogólne statystyki

  • Ten quiz został rozwiązany 17 razy
  • Średni wynik to 13 z 42

Statystyki odpowiedzi

OverallZawodnik% Poprawnych
90Thibaut Courtois
100%
91Kevin de Bruyne
90%
78Thorgan Hazard
90%
79Jan Vertonghen
80%
84Romelu Lukaku
80%
77Jeremy Doku
70%
79Axel Witsel
60%
84Yannick Carrasco
60%
82Youri Tielemans
60%
81Leandro Trossard
50%
80Simon Mignolet
50%
76Thomas Meunier
50%
81Dries Mertens
40%
84Koen Casteels
40%
81Toby Alderweireld
40%
79Hans Vanaken
30%
75Jason Denayer
30%
75Johan Bakayoko
30%
75Leander Dendoncker
30%
82Lois Openda
30%
79Matz Sels
30%
76Amadou Onana
20%
75Dennis Praet
20%
75Divock Origi
20%
77Michy Batshuayi
20%
76Wout Faes
20%
77Adnan Januzaj
10%
78Alexis Saelemaekers
10%
77Arthur Theate
10%
78Dodi Lukebakio
10%
76Hugo Cuypers
10%
77Timothy Castagne
10%
76Brandon Mechele
0%
75Brecht Dejaegere
0%
77Bryan Heynen
0%
76Charles de Ketelaere
0%
75Maarten Vandevoordt
0%
76Mats Rits
0%
75Nicolas Raskin
0%
76Oriel Mangala
0%
76Sebastiaan Bornauw
0%
78Youssouf Ndayishimiye
0%

Rozkład punktacji

Percentyl według liczby udzielonych odpowiedzi

Procent ludzi z każdym wynikiem

Twoja historia wyników

Nie rozwiązałeś tego quizu